Tinh hoa văn hóa Bến Tre
Giới thiệu khái quát về đất và người Bến Tre; Đình làng Bến Tre, các giá trị văn hóa. Đề cập đến nghề đan lát ở Bến Tre, Bến Tre với văn hóa, văn minh ẩm thực; Lễ hội bu trầu và các trò chơi vận động dân gian ở huyện Giồng Trân...
Đã lưu trong:
| Tác giả chính: | |
|---|---|
| Định dạng: | Sách |
| Năm xuất bản: |
H.
Lao động
2012
|
| Chủ đề: | |
| Tags: |
Thêm thẻ
Không có thẻ, Hãy là người đầu tiên gắn thẻ bản ghi này!
|
| LEADER | 00824nam a2200157 4500 | ||
|---|---|---|---|
| 082 | |a 398.0959785 |b L550H | ||
| 100 | |a Lư Hội | ||
| 245 | |a Tinh hoa văn hóa Bến Tre |c Lư Hội, Xuân Quang | ||
| 260 | |a H. |b Lao động |c 2012 | ||
| 300 | |a 410 tr. |c 21 cm | ||
| 520 | |a Giới thiệu khái quát về đất và người Bến Tre; Đình làng Bến Tre, các giá trị văn hóa. Đề cập đến nghề đan lát ở Bến Tre, Bến Tre với văn hóa, văn minh ẩm thực; Lễ hội bu trầu và các trò chơi vận động dân gian ở huyện Giồng Trân | ||
| 653 | |a Văn hóa dân gian Việt Nam | ||
| 653 | |a Bến tre | ||
| 942 | |2 ddc |c SH | ||
| 999 | |c 7813 |d 7813 | ||
| 952 | |0 0 |1 0 |2 ddc |4 0 |6 398_095978500000000_L550H |7 0 |8 300 |9 68799 |a qbu |b qbu |c D2 |d 2015-03-22 |o 398.0959785 L550H |p 7745.c1 |r 0000-00-00 |w 2015-03-22 |y SH | ||